header

Research into spinal deformities. (Record no. 239075)

MARC details
000 -LEADER
fixed length control field 01726nam a2200349 a 4500
245 10 - TITLE STATEMENT
Title Research into spinal deformities.
260 ## - PUBLICATION, DISTRIBUTION, ETC. (IMPRINT)
Place of publication Washington, D.C. :
Name of publisher IOS Press,
Year of publication 2010.
300 ## - PHYSICAL DESCRIPTION
Number of Pages xx, 335 p. :
Other physical details ill. (some col.).
490 1# - SERIES STATEMENT
Series statement Studies in health technology and informatics,
Series statement Research into spinal deformities ;
500 ## - GENERAL NOTE
General note "In July 2010, the International Research Society of Spinal Deformities (IRSSD) will hold its 8th biennial meeting in Montreal, Canada. ... This book contains the proceedings of the IRSSD 2010 Conference ..."--Pref.
650 #0 - SUBJECT ADDED ENTRY--TOPICAL TERM
Topical Term Spine
700 1# - ADDED ENTRY--PERSONAL NAME
Personal name Aubin, Carl-Eric.
856 40 - ELECTRONIC LOCATION AND ACCESS
Uniform Resource Identifier http://site.ebrary.com/lib/rucke/Doc?id=10425028

No items available.

© 2026 Rongo University
Contact us: librarian | system librarian | Rongo university